Modern development in investment management: A book of readings (Record no. 34906)

MARC details
000 -LEADER
fixed length control field 00354nam a2200133Ia 4500
082 ## - DEWEY DECIMAL CLASSIFICATION NUMBER
Classification number 658.5
Item number LOR
100 ## - MAIN ENTRY--AUTHOR NAME
Personal name Brealey, Richard
245 #0 - TITLE STATEMENT
Title Modern development in investment management: A book of readings
250 ## - EDITION STATEMENT
Edition statement 2
260 ## - PUBLICATION, DISTRIBUTION, ETC. (IMPRINT)
Place of publication Illinois
Name of publisher Dryden
Year of publication 1978
700 ## - ADDED ENTRY--PERSONAL NAME
Personal name Lorie, James
942 ## - ADDED ENTRY ELEMENTS (KOHA)
Koha item type Books
Holdings
Withdrawn status Lost status Damaged status Not for loan Home library Current library Date acquired Cost, normal purchase price Full call number Accession Number Koha item type
        RRII Library RRII Library 16/12/2021 12.95 658.5 LOR 15333 Books